000
00204 a2200097 4500
001
19894
100
_a
Sutton, M
245
_a
Cancer explained
260
_a
_b
Evans brother ltd
_c
090
_c
14516
_d
14516
942
_a
NUST-CAE
_c
M
_c
5021
999
_c
254967
_d
254967